[Event "USA-ch14 prel 07 corr"]
[Site "USA"]
[Date "1998.07.10"]
[Round "?"]
[White "Targonski, Stanley"]
[Black "Rosenfield, Christine"]
[Result "0-1"]
[WhiteElo "2280"]
[BlackElo "2380"]
[PlyCount "52"]
[EventDate "1998.07.10"]
[EventType "tourn (corr)"]
[EventRounds "12"]
[EventCountry "USA"]
[SourceTitle "Corr 2006"]
[Source "ChessBase"]
[SourceDate "2006.04.01"]
[SourceVersion "3"]
[SourceVersionDate "2006.04.01"]
[SourceQuality "1"]

1. c4 e5 2. Nc3 Nc6 3. g3 Nf6 4. Bg2 Bc5 5. e3 d6 6. Nge2 0-0 7. d4 Bb6 8. 0-0 Re8 9. d5 Nb4 10. a3 Na6 11. b4 Bg4 12. h3 Bd7 13. Kh2 Rc8 14. e4 Qe7 15. Qd3 h6 16. f4 c6 17. fxe5 Qxe5 18. Bf3 cxd5 19. cxd5 Qe7 20. Bb2 Nh7 21. Nf4 Nf6 22. Rae1 Nb8 23. Bh5 Rf8 24. e5 dxe5 25. d6 Qe6 26. Bg4 Qb3 0-1